=LDR 00000nam 2200000 4500 =001 INLIS000000000036545 =005 20130612142327 =008 ***********************************Ind** =035 ##$$0010-061300000036545 =041 ##$$a Ind =082 ##$$a 028.5 =090 ##$$a 028.5, Far r =100 ##$$a Farr, Michael =245 ##$$a Ratappopoulos, Michael Farr ; alih bahasa, Donna Widjajanto ; editor, Dini Paudia =260 ##$$a 2010 $b Jakarta =300 ##$$a 42 hlm, ilus, 21 cm =650 ##$$a Bacaan kanak-kanak =850 ##$$a NBPNMAT